The Penguin dictionary of computers / (Record no. 541566)
[ view plain ]
| 000 -LEADER | |
|---|---|
| fixed length control field | 01200 a2200313 4500 |
| 020 ## - INTERNATIONAL STANDARD BOOK NUMBER | |
| International Standard Book Number | 014051127X (pbk.) : |
| 082 00 - DEWEY DECIMAL CLASSIFICATION NUMBER | |
| Classification number | 004.03 |
| Author Mark | CHA |
| -- | L-31; P-91 |
| 100 1# - MAIN ENTRY--PERSONAL NAME | |
| Personal name | Chandor, Anthony. |
| 9 (RLIN) | 36527 |
| 245 14 - TITLE STATEMENT | |
| Title | The Penguin dictionary of computers / |
| Statement of responsibility, etc. | Anthony Chandor with John Graham, Robin Williamson. |
| 250 ## - EDITION STATEMENT | |
| Edition statement | 3rd ed., New ed. |
| 260 ## - PUBLICATION, DISTRIBUTION, ETC. | |
| Place of publication, distribution, etc. | Harmondsworth, Middlesex, England ; |
| -- | New York, N.Y., U.S.A. : |
| Name of publisher, distributor, etc. | Penguin Books, |
| Date of publication, distribution, etc. | 1985. |
| 300 ## - PHYSICAL DESCRIPTION | |
| Extent | 488 p. ; |
| Dimensions | 20 cm. |
| 490 1# - SERIES STATEMENT | |
| Series statement | Penguin reference |
| 500 ## - GENERAL NOTE | |
| General note | Second ed. published as: A dictionary of computers. 1977. |
| 526 ## - STUDY PROGRAM INFORMATION NOTE | |
| Program name | 0 |
| Interest level | 0 |
| Reading level | 0 |
| Title point value | 004_030000000000000_CHA |
| 526 ## - STUDY PROGRAM INFORMATION NOTE | |
| Program name | 0 |
| Interest level | 0 |
| Reading level | 0 |
| Title point value | 004_030000000000000_CHA |
| 526 ## - STUDY PROGRAM INFORMATION NOTE | |
| Program name | 0 |
| Interest level | 0 |
| Reading level | 0 |
| Title point value | 004_030000000000000_CHA |
| 526 ## - STUDY PROGRAM INFORMATION NOTE | |
| Program name | 0 |
| Interest level | 0 |
| Reading level | 0 |
| Title point value | 004_030000000000000_CHA |
| 526 ## - STUDY PROGRAM INFORMATION NOTE | |
| Program name | 0 |
| Interest level | 0 |
| Reading level | 0 |
| Title point value | 004_030000000000000_CHA |
| 526 ## - STUDY PROGRAM INFORMATION NOTE | |
| Program name | 0 |
| Interest level | 0 |
| Reading level | 0 |
| Title point value | 004_030000000000000_CHA |
| 526 ## - STUDY PROGRAM INFORMATION NOTE | |
| Program name | 0 |
| Interest level | 0 |
| Reading level | 0 |
| Title point value | 004_030000000000000_CHA |
| 650 #0 - SUBJECT ADDED ENTRY--TOPICAL TERM | |
| Topical term or geographic name entry element | Electronic data processing |
| General subdivision | Dictionaries. |
| 9 (RLIN) | 36528 |
| 650 #0 - SUBJECT ADDED ENTRY--TOPICAL TERM | |
| Topical term or geographic name entry element | Electronic digital computers |
| General subdivision | Dictionaries. |
| 9 (RLIN) | 36529 |
| 650 #0 - SUBJECT ADDED ENTRY--TOPICAL TERM | |
| Topical term or geographic name entry element | MCE |
| 9 (RLIN) | 379 |
| 700 1# - ADDED ENTRY--PERSONAL NAME | |
| Personal name | Chandor, Anthony. |
| 9 (RLIN) | 36527 |
| 700 1# - ADDED ENTRY--PERSONAL NAME | |
| Personal name | Graham, John, |
| 9 (RLIN) | 36530 |
| 700 1# - ADDED ENTRY--PERSONAL NAME | |
| Personal name | Williamson, Robin. |
| 9 (RLIN) | 36531 |
| 942 ## - ADDED ENTRY ELEMENTS (KOHA) | |
| Source of classification or shelving scheme | |
| Koha item type | Book |
| Withdrawn status | Lost status | Source of classification or shelving scheme | Damaged status | Not for loan | Permanent Location | Current Location | Date acquired | Total Checkouts | Full call number | Barcode | Date last seen | Copy number | Price effective from | Koha item type |
|---|---|---|---|---|---|---|---|---|---|---|---|---|---|---|
| Military College of Engineering (MCE) | Military College of Engineering (MCE) | 08/15/2013 | 004.03 CHA | MCE-24153 | 08/15/2013 | 01 | 08/15/2013 | Book | ||||||
| Military College of Engineering (MCE) | Military College of Engineering (MCE) | 08/15/2013 | 004.03 CHA | MCE-24144 | 08/15/2013 | 02 | 08/15/2013 | Book | ||||||
| Military College of Engineering (MCE) | Military College of Engineering (MCE) | 08/15/2013 | 004.03 CHA | MCE-24149 | 08/15/2013 | 03 | 08/15/2013 | Book | ||||||
| Military College of Engineering (MCE) | Military College of Engineering (MCE) | 08/15/2013 | 004.03 CHA | MCE-24146 | 08/15/2013 | 04 | 08/15/2013 | Book | ||||||
| Military College of Engineering (MCE) | Military College of Engineering (MCE) | 08/15/2013 | 004.03 CHA | MCE-24147 | 08/15/2013 | 05 | 08/15/2013 | Book | ||||||
| Military College of Engineering (MCE) | Military College of Engineering (MCE) | 08/15/2013 | 004.03 CHA | MCE-24152 | 08/15/2013 | 06 | 08/15/2013 | Book | ||||||
| Military College of Engineering (MCE) | Military College of Engineering (MCE) | 08/15/2013 | 004.03 CHA | MCE-24145 | 08/15/2013 | 07 | 08/15/2013 | Book |
